Statistics for Top Ten Clipper Players

Click here to take the quiz!

General Stats

  • This quiz has been taken 13 times
  • The average score is 3 of 10

Answer Stats

#Player% Correct
5Blake Griffin
100%
3Chris Paul
92%
1Bob McAdoo
25%
2Elton Brand
25%
7Danny Manning
17%
6Lloyd Bernard Free/World B. Free
17%
9Ron Harper
8%
8Corey Maggette
0%
10Eric Piatkowski
0%
4Randy Smith
0%

Score Distribution

Percentile by Number Answered

Percent of People with Each Score

Your Score History

You have not taken this quiz